Francis Bacon en su estudio

שמור ב:
מידע ביבליוגרפי
מחבר ראשי: Peppiatt, Michael (Author)
פורמט: ספר
שפה:ספרדית
יצא לאור: Barcelona Elba S. L 2018
מהדורה:1a. ed
סדרה:Elba Minor, 9
נושאים:
תגים: הוספת תג
אין תגיות, היה/י הראשונ/ה לתייג את הרשומה!

MARC

LEADER 00000cam a2200000 a 4500
001 UCC6527
003 CL-VaPUC
008 181213e20180000sp |||||||||||||||||spa|d
020 |a 9788494796548 
082 0 4 |a 759.29  |b PEP  |2 21 
100 0 |a Peppiatt, Michael  |e author  |9 600999 
245 1 0 |a Francis Bacon en su estudio 
250 |a 1a. ed 
300 |a 70 p 
942 |c BK 
945 |d 20181213 14:55:00  |a dcastane 
260 |a Barcelona  |b Elba S. L  |c 2018 
600 0 7 |a BACON, FRANCIS  |2 CL-VaPUC  |9 334502 
650 0 |a Biografías  |9 255210 
650 7 |a PINTORES IRLANDESES  |2 CL-VaPUC  |9 460002 
650 7 |a EXPRESIONISMO  |2 CL-VaPUC  |9 268711 
583 |a last modification  |c 20181213 14:55:00  |k Rodrigo Vera 
490 0 |a Elba Minor, 9 
999 |c 373468  |d 373466 
952 |0 0  |1 0  |3 erb  |4 0  |6 759_290000000000000_PEP_2018  |7 0  |8 A  |9 491575  |a BIBART  |b BIBART  |i 5523184  |l 3  |m 1  |o 759.29 PEP 2018  |p 5523184  |r 2025-03-13  |s 2024-10-21  |w 2019-11-24  |y BK  |z Catalogado en:20181213  |k ART